000 01166cam a2200373 i 4500
001 32440
003 KOSZ 005
005 20210706122929.0
008 980713s1997 pl a |000 0 pol d
015 _aPB 1997/10169
020 _a8321338682
040 _aWA N
_cWA N
_dKOSZ 005/HR
046 _k1969
080 _a72.01
100 1 _aSławińska, Jadwiga
_eAutor
245 1 0 _aEkspresja sił w nowoczesnej architekturze /
_cJadwiga Sławińska.
250 _aWyd. 2 zm.
260 _aWarszawa :
_b"Arkady",
_c1997.
300 _a103, [1] s. :
_brys. ;
_c24 cm.
336 _2rdacontent
_aTekst
_btxt
337 _2rdamedia
_aBez urządzenia pośedniczącego
_bn
338 _2rdacarrier
_aWolumin
_bnc
380 _aKsiążki
388 _a1901-2000
388 _a1989-2000
504 _aBibliogr. s. 101-103.
650 4 _aTeoria architektury
650 4 _aBudownictwo
650 4 _aEstetyka
658 _aArchitektura i budownictwo
710 2 _aWydawnictwo Arkady
_4pbl.
856 _uhttp://koha.tu.koszalin.pl/cgi-bin/koha/opac-detail.pl?biblionumber=32440
_yKatalog online BPK
942 _2UKD
_cKS
999 _c32440
_d32440